Vplyv obrázkov na správanie používateľa na Webe

Na minha lista:
Detalhes bibliográficos
Autor principal: Zaťko, Andrej (Author)
Outros Autores: Gašpar, Peter (Thesis advisor)
Formato: Manuscrito Livro
Idioma:eslovaco
Publicado em: 2018
Assuntos:
Acesso em linha:http://is.stuba.sk/zp/portal_zp.pl?podrobnosti=123111
Tags: Adicionar Tag
Sem tags, seja o primeiro a adicionar uma tag!

MARC

LEADER 00000ntm a22000003a 4500
001 stuzp70354
003 SK-STU
005 20190220160732.7
007 ta
008 150427s2015----xo-----f-mn---000-0-slo-d
040 |a STU  |b slo 
041 0 |a slo 
044 |a xo 
100 1 |a Zaťko, Andrej  |u 070200  |4 aut  |U FIIT Fakulta informatiky a informačných technológií  |T FIIT Ústav informatiky, informačných systémov a softvérového inžinierstva  |X 79819  |U I200  |Y 179  |7 79819 
242 0 1 |a The impact of images on users's behavior on Web  |y eng 
245 1 0 |a Vplyv obrázkov na správanie používateľa na Webe 
260 |c 2018 
300 |a 38 s., príl., CD-rom 
650 4 |a spätná väzba  |2 slo 
650 4 |a odporúčacie systémy  |2 slo 
650 4 |a správanie  |2 slo 
650 4 |a obrázky  |2 slo 
650 4 |a feedback  |2 eng 
650 4 |a recommender systems  |2 eng 
650 4 |a images  |2 eng 
700 1 |a Gašpar, Peter  |u 070200  |k Z3  |4 ths  |U FIIT Fakulta informatiky a informačných technológií  |T FIIT Ústav informatiky, informačných systémov a softvérového inžinierstva  |X 46082  |U I200  |Y 179  |7 46082 
856 4 |u http://is.stuba.sk/zp/portal_zp.pl?podrobnosti=123111 
996 |b IZP20180079  |c I*BAP94/18  |l II680  |s P  |a 0  |w stuzp70354_0001